000 01462cad a22002295a 4500
001 L138675
008 070703e20070629xxk f 000 0 eng d
035 _a(Sirsi) u138675
041 0 _aeng
050 0 4 _a711.4 $2 18
110 2 _aRoyal Institution of Chartered Surveyors
_94900
245 0 0 _aRICS guide on community involvement in planning
_h[electronic resource]
260 _aLondon
_bRICS
_c2007
300 _a5p.
_bill.
_c30cm.
520 _aProvides a basic introduction to planning system changes introduced by the Town Planning and Compensation Act 2004. Aimed at landowners, developers, housebuilders and surveyors involved in making planning applications or bringing forward land through the Local Development Framework process. Community involvement is key to the new framework. Outlines good practice such as how to achieve obtain early and effective community involvement. A number of advantages can be gained from such an approach such as enhanced reputation, savings in both time and money, a faster and more efficient route through the planning system, and an increased chance of winning more business.
590 _aKA
650 2 4 _aTOWN PLANNING AND COMPENSATION ACT 2004
651 4 _aUnited Kingdom
_y
690 _aPlanning and development
_96259
856 4 0 _uhttps://www.rics.org/Environmentalandlandconsultancy/Planninganddevelopment/rics_comm_involvement_guide.htm
_zView the item free of charge at www.rics.org...
942 _n0
999 _c107223
_d107223